| 000 | 01055cam a22002175a 4500 | ||
|---|---|---|---|
| 001 | L142962 | ||
| 008 | 070315s2007 xxkd f s 000 0 eng d | ||
| 035 | _a(Sirsi) u142962 | ||
| 041 | 0 | _aeng | |
| 050 | 0 | 4 | _a380.1 $2 18 |
| 110 | 2 |
_aEssential Information Group _94336 |
|
| 245 | 0 | 0 |
_aRAPID (residential auction property investment data) _bissue 2: September 2007 _h[electronic resource] |
| 260 |
_aReigate _bEIG _c2007 |
||
| 520 | _aExamines the numbers of distressed sales at auction and finds an upward trend. The percentage of lots on offer which are as a result of distress are rising dramatically. However within London there has been a fall in the number of distressed sales going to auction. Also examines rental returns and finds that these are falling, with the national average at 10.2% in 2007. | ||
| 590 | _aKA NTK | ||
| 651 | 4 |
_aUnited Kingdom _y |
|
| 690 |
_aAuctioneering _96218 |
||
| 710 | 1 |
_aAllsop _93151 |
|
| 856 | 4 | 0 |
_uhttps://www.eigroup.co.uk/market-data/rapid/ _zView the item free of charge at www.eigroup.co.uk... |
| 942 | _n0 | ||
| 999 |
_c108027 _d108027 |
||